Normal view
MARC view
Entry Personal Name
001 - CONTROL NUMBER
- control field: 208917
003 - CONTROL NUMBER IDENTIFIER
- control field:
005 - DATE AND TIME OF LATEST TRANSACTION
- control field: 20210601200804.0
008 - FIXED-LENGTH DATA ELEMENTS
- fixed length control field: 210601|| aca||aabn | a|a d
040 ## - CATALOGING SOURCE
- Original cataloging agency:
- Transcribing agency:
100 ## - HEADING--PERSONAL NAME
- Personal name: ابو الکلام آزاد، مولانا،
- Dates associated with a name: ١٨٨٨۔١٩٥٨ء
670 ## - SOURCE DATA FOUND
- Source citation: Work cat.: (): 880-01 ابو الکلام آزاد، مولانا، ١٨٨٨۔١٩٥٨ء, حضرت یوسف /, [n.d.]
